00925cam a2200205 a 450000100060000000300080000600500170001400800390003103500190007004000390008904100080012808200310013611001040016724501470027126000530041830000320047150000210050350501380052465000570066227919BD-RjUL20211209051222.0840315s1978 bg a s f000 0 eng a(BD-RjUL)28000 aDLCcDLCdOCLdOCLCQdBD-RjULbeng aeng0 a339.47095492219bBAR 1978 aBangladesh Bureau of Statistics.bStatistics Division, Ministry of Planning, Bangladesh Secretariat02aA report on the household expenditure survey of Bangladesh, 1973-74.nVolume : Ip(Household consumption statistics by income classification). aDacca :bBangladesh Bureau of Statistics, c1978 a[4],76 p. :bIll. ;c31 cm. a"In Two Volumes"0 av.1. Household consumption statistics by income classification.-- v.2. Household consumption statistics by expenditure classification 0aCost and standard of livingzBangladeshvStatistics.